| 000 | 01736nam a2200421 c 4500 | ||
|---|---|---|---|
| 003 | BLK | ||
| 005 | 20220630120140.0 | ||
| 008 | 180408b bul|||||r ||||||| ||bul|| | ||
| 010 | _aKNG00088662000 | ||
| 020 |
_a91-7165-209-4 _bиздат.: Intern. Bible Soc. |
||
| 040 | _aBLK | ||
| 041 |
_aBUL _cBUL _hENG |
||
| 080 |
_aСвещено писание. Библия. Стар и Нов завет _b22 _x _z22 |
||
| 080 |
_aРелигиозна литература. Учебници по вероучение (религия) _b244 _x(076) _z244(076) |
||
| 100 | 1 |
_aТейлър, Кенет Н. _eпърви автор _9301253 |
|
| 700 | 1 |
_aХук, Ричард _eил. _9285377 |
|
| 700 | 1 |
_aХук, Франсис _eил. _9301254 |
|
| 139 |
_aТейлър, Кенет _bТ 45 |
||
| 245 | 1 | 0 |
_aМоята първа Библия в картинки _bУч. помагало по религия _cКенет Н. Тейлър; ил. Ричард Хук; ил. Франсис Хук. |
| 246 | 1 | 1 | _aMy First Bible in Pictures |
| 257 | _aSWE | ||
| 260 |
_аHerrljunga _bIntern. Bible Soc. _c2007 _fотпеч. в Словакия |
||
| 300 |
_a256 с. _bс цв. ил. _c18 см |
||
| 380 | _aDN | ||
| 500 | _aПарал. текст на англ. ез. - Съдържа и за авт. | ||
| 650 | 4 |
_aБиблия _9148564 |
|
| 650 | 4 |
_aВероучение _9150548 |
|
| 653 | _aБиблия | ||
| 653 | _aвероучение | ||
| 653 | _aлитература за деца | ||
| 653 | _aдетска литература | ||
| 720 |
_aKenneth N. Taylor _eпаралелен автор |
||
| 852 | _aЦб І 33277 | ||
| 856 | 4 |
_qpdf _u |
|
| 856 | 4 |
_qpdf _u |
|
| 942 |
_cKNG _n0 _02 |
||
| 944 |
_aCR _c31.03.2009 _lф / _kВаля_Йорданова |
||
| 944 |
_aED _c01.03.2012 _lф / _k |
||
| 999 |
_c84096 _d84096 |
||